Stany USA według przydomku - Statystyki

Ogólne statystyki
  • Ten quiz został rozwiązany 13 razy
  • Średni wynik to 6 z 50
Statystyki odpowiedzi
Przydomek Stan % Poprawnych
Złoty Stan Kalifornia
82%
Stan Wielkiego Kanionu Arizona
55%
Stan Aloha Hawaje
55%
Stan Wielkich Jezior Michigan
45%
Stan Imperium Nowy Jork
45%
Stan Góry Rushmore Dakota Południowa
36%
Słoneczny Stan Floryda
36%
Brzoskwiniowy Stan Georgia
36%
Stan Pelikana Luizjana
27%
Stan Samotnej Gwiazdy Teksas
27%
Ostatnia Granica Alaska
18%
Stan Skarbów Montana
18%
Srebrny Stan Nevada
18%
Stan Naturalny Arkansas
9%
Pierwszy Stan Delaware
9%
Stan Klejnotów Idaho
9%
Stan Sokolego Oka Iowa
9%
Stan Stulecia Kolorado
9%
Stan Zatoki Massachusetts
9%
Stan Magnolii Mississipi
9%
Stan Ogrodów New Jersey
9%
Stan Keystone Pensylwania
9%
Stan Oceanu Rhode Island
9%
Stan Ochotników Tennessee
9%
Stan Pszczeli Utah
9%
Stan Równości Wyoming
9%
Stan Żółtego Młota Alabama
0%
Stan Konstytucji Connecticut
0%
Stan Ogrodu Pokoju Dakota Północna
0%
Stan Prerii Illinois
0%
Stan Hoosierów Indiana
0%
Stan Słoneczników Kansas
0%
Stan Wysmołowanej Pięty Karolina Północna
0%
Stan Palmy Sabalowej Karolina Południowa
0%
Stan Błękitnej Trawy Kentucky
0%
Stan Sosny / Kraina Wakacji Maine
0%
Stan Starej Linii Maryland
0%
Stan Gwiazdy Północnej Minnesota
0%
Stan "Pokaż mi" Missouri
0%
Stan Łuskaczy Kukurydzy Nebraska
0%
Stan Granitowy New Hampshire
0%
Kraina Oczarowania Nowy Meksyk
0%
Stan Kasztanowców Ohio
0%
Stan Szybkich Oklahoma
0%
Stan Bobrów Oregon
0%
Stan Zielonych Gór Vermont
0%
Wiecznie Zielony Stan Waszyngton
0%
Stare Dominium Wirginia
0%
Stan Górski Wirginia Zachodnia
0%
Stan Borsuków Wisconsin
0%
Nie znaleziono quizów pasujących do podanych kryteriów
Rozkład punktacji
Procent ludzi z każdym wynikiem
Percentyl według liczby udzielonych odpowiedzi
Twoja historia wyników
Nie rozwiązałeś tego quizu